[Event "Gibraltar Masters"]
[Site "Caleta ENG"]
[Date "2011.01.25"]
[Round "1"]
[White "Adams, Michael"]
[Black "Monroy, Charles"]
[Result "1-0"]
[WhiteTitle "GM"]
[BlackTitle "IM"]
[WhiteElo "2723"]
[BlackElo "2421"]
[WhiteFideId "400041"]
[BlackFideId "621641"]
[EventDate "2011.01.25"]

1. e4 c6 2. d4 d5 3. e5 Bf5 4. Nf3 e6 5. Be2 Nd7 6. O-O Bg6 7. c3 Nh6 8. Bf4 Be7
9. Nbd2 Nf5 10. b4 a5 11. a3 O-O 12. Nb3 b6 13. h3 Nh4 14. Nxh4 Bxh4 15. b5 a4
16. Nd2 c5 17. c4 cxd4 18. Nf3 Nc5 19. Nxd4 Rc8 20. Rc1 dxc4 21. Rxc4 Be4 22.
Be3 Bd5 23. Nc6 Bxc6 24. bxc6 Rxc6 25. Rd4 Qe7 26. Bb5 Rcc8 27. Qh5 1-0

[Event "Gibraltar Masters"]
[Site "Caleta ENG"]
[Date "2011.01.25"]
[Round "1"]
[White "Vernay, Clovis"]
[Black "Bologan, Viktor"]
[Result "0-1"]
[WhiteTitle "IM"]
[BlackTitle "GM"]
[WhiteElo "2446"]
[BlackElo "2693"]
[WhiteFideId "633046"]
[BlackFideId "13900048"]
[EventDate "2011.01.25"]

1. d4 Nf6 2. c4 c5 3. d5 b5 4. cxb5 a6 5. bxa6 g6 6. Nc3 Bxa6 7. Nf3 d6 8. g3
Bg7 9. Bg2 Nbd7 10. O-O O-O 11. Re1 Qa5 12. Bd2 Rfb8 13. Rb1 Ne8 14. Qc2 Nc7 15.
a4 Qb6 16. Bg5 f6 17. Bf4 Qb3 18. Qe4 Ne5 19. Bxe5 fxe5 20. Qh4 Re8 21. Ng5 h6
22. Ne6 Nxe6 23. dxe6 Bb7 24. Bxb7 Qxb7 25. e4 Rf8 26. b3 Kh7 27. Nd5 Ra7 28.
Kg2 c4 29. bxc4 Qc8 30. Qg4 h5 31. Qh3 Qxc4 32. g4 Qc2 33. Qe3 Rxa4 34. gxh5
gxh5 35. Qe2 Ra2 36. Qxc2 Rxc2 37. Rf1 Bf6 38. Rb7 Rg8+ 39. Kf3 Bg5 40. Rd7 Rf8+
41. Kg3 h4+ 42. Kg2 Re8 43. Kh3 Kh6 44. Kg4 Rd2 45. Rb7 Rd3 46. f3 Rd2 47. Kh3
Kh5 48. Rbb1 Rf8 49. Rb7 Ra8 50. Nxe7 Bf4 0-1

[Event "Gibraltar Masters"]
[Site "Caleta ENG"]
[Date "2011.01.25"]
[Round "1"]
[White "Fernandez Romero, Ernesto"]
[Black "Nisipeanu, Liviu-Dieter"]
[Result "0-1"]
[WhiteTitle "IM"]
[BlackTitle "GM"]
[WhiteElo "2453"]
[BlackElo "2678"]
[WhiteFideId "2214679"]
[BlackFideId "1202758"]
[EventDate "2011.01.25"]

1. e4 c5 2. Nf3 e6 3. b3 a6 4. Bb2 Nc6 5. g3 d5 6. e5 Nge7 7. Bg2 b5 8. O-O Bb7
9. d3 Nf5 10. c4 dxc4 11. dxc4 Qb6 12. Nbd2 Rd8 13. Qe2 Be7 14. Rfd1 O-O 15.
cxb5 axb5 16. Bf1 Ncd4 17. Nxd4 Nxd4 18. Bxd4 Rxd4 19. Bg2 Ba6 20. Nf3 Rxd1+ 21.
Rxd1 c4 22. Nd4 Rc8 23. Be4 Bc5 24. Nf3 h6 25. Rd7 Rd8 26. Rxd8+ Qxd8 27. g4 Be7
28. Kg2 g6 29. Qc2 Kg7 30. Kg3 Qc7 31. h4 f5 32. gxf5 gxf5 33. Ba8 c3 34. Kh3
Qd8 35. Nd4 Qxa8 0-1

[Event "Gibraltar Masters"]
[Site "Caleta ENG"]
[Date "2011.01.25"]
[Round "1"]
[White "Georgiev, Kiril"]
[Black "Zhukova, Natalia"]
[Result "1-0"]
[WhiteTitle "GM"]
[BlackTitle "GM"]
[WhiteElo "2669"]
[BlackElo "2441"]
[WhiteFideId "2900017"]
[BlackFideId "14101513"]
[EventDate "2011.01.25"]

1. c4 e6 2. d4 Nf6 3. Nc3 Bb4 4. Qc2 O-O 5. a3 Bxc3+ 6. Qxc3 d5 7. Nf3 dxc4 8.
Qxc4 b6 9. Bf4 Nd5 10. Bg3 f5 11. e3 Bb7 12. Be2 Nd7 13. O-O Rc8 14. Rac1 Qe8
15. Qa4 a6 16. Ne5 b5 17. Qb3 f4 18. Bxf4 Nxf4 19. exf4 Rxf4 20. Bf3 Bxf3 21.
Nxf3 c5 22. Qe3 Rf5 23. dxc5 Rfxc5 24. Rxc5 Rxc5 25. Rd1 h6 26. Rd6 e5 27. g3
Rc4 28. Rxa6 Nc5 29. Nxe5 Re4 30. Qxc5 Rxe5 31. Qc6 Re1+ 32. Kg2 Qe2 33. Qc8+
Kf7 34. Qf5+ Ke7 35. Ra7+ Kd6 36. Ra6+ 1-0

[Event "Gibraltar Masters"]
[Site "Caleta ENG"]
[Date "2011.01.25"]
[Round "1"]
[White "Hauge, Lars Oskar"]
[Black "Kandic, Milan"]
[Result "0-1"]
[WhiteElo "1942"]
[BlackElo "2143"]
[WhiteFideId "1509276"]
[BlackFideId "926752"]
[EventDate "2011.01.25"]

1. e4 d6 2. d4 Nf6 3. Nc3 c6 4. Nf3 Nbd7 5. e5 Nd5 6. Nxd5 cxd5 7. e6 fxe6 8.
Ng5 Nf6 9. Bb5+ Bd7 10. Bxd7+ Qxd7 11. Qe2 Ne4 12. Nxe4 dxe4 13. Qxe4 Qc6 14.
Qxc6+ bxc6 15. Be3 g6 16. O-O-O Bg7 17. Rhe1 Kd7 18. f4 h5 19. c4 Rab8 20. Kc2
c5 21. b3 cxd4 22. Bxd4 Bxd4 23. Rxd4 Rhf8 24. Re2 Rf6 25. Red2 Rbf8 26. g3 Rf5
27. b4 Kc6 28. Kd3 e5 29. fxe5 Rxe5 30. Re4 Rxe4 31. Kxe4 Rf1 32. Kd4 e5+ 33.
Kc3 Rf3+ 34. Rd3 Rf1 35. b5+ Kc7 36. Kb4 Rb1+ 37. Ka5 Rb2 38. a4 Rc2 39. Ka6
Rxc4 40. a5 Ra4 41. Rf3 e4 42. Rc3+ Kd7 43. Kxa7 Rxa5+ 44. Kb6 Ra2 45. Kb7 Rb2
46. b6 d5 47. Ka7 Kd6 48. b7 d4 49. Rc8 Kd5 0-1

[Event "Gibraltar Masters"]
[Site "Caleta ENG"]
[Date "2011.01.25"]
[Round "1"]
[White "Zatonskih, Anna"]
[Black "Spence, David J"]
[Result "1-0"]
[WhiteTitle "IM"]
[WhiteElo "2493"]
[BlackElo "2231"]
[WhiteFideId "14101572"]
[BlackFideId "407429"]
[EventDate "2011.01.25"]

1. d4 e6 2. c4 Nf6 3. g3 d5 4. Nf3 Be7 5. Bg2 O-O 6. Qc2 dxc4 7. Qxc4 a6 8. Qc2
Nc6 9. O-O Nb4 10. Qb3 Qd5 11. Qd1 c5 12. Nc3 Qd8 13. Bf4 Nbd5 14. Nxd5 Nxd5 15.
dxc5 Nxf4 16. gxf4 Bxc5 17. Rc1 Qe7 18. e3 Rb8 19. Qc2 Ba7 20. Rfd1 f6 21. Qe4
Qf7 22. Nd4 Re8 23. Rd2 Bxd4 24. Qxd4 b5 25. Qd6 Bb7 26. Bxb7 Qxb7 27. Rc7 Qf3
28. Qc6 Qg4+ 29. Qg2 Qxg2+ 30. Kxg2 Rec8 31. Re7 Re8 32. Ra7 Rb6 33. Rdd7 Kh8
34. Rxg7 Rg8 35. Rxg8+ Kxg8 36. b4 Rc6 37. Kg3 f5 38. a3 Kf8 39. Kh4 h6 40. Kh5
Rc2 41. Kg6 Rxf2 42. Kf6 1-0

[Event "Gibraltar Masters"]
[Site "Caleta ENG"]
[Date "2011.01.25"]
[Round "1"]
[White "Edouard, Romain"]
[Black "Wohl, Aleksandar H."]
[Result "1-0"]
[WhiteTitle "GM"]
[BlackTitle "IM"]
[WhiteElo "2634"]
[BlackElo "2409"]
[WhiteFideId "633429"]
[BlackFideId "3200345"]
[EventDate "2011.01.25"]

1. e4 e5 2. Nf3 Nc6 3. Bb5 Nge7 4. Nc3 d6 5. d4 a6 6. Bc4 exd4 7. Nxd4 Nxd4 8.
Qxd4 Nc6 9. Qe3 Be7 10. Bd2 O-O 11. O-O-O Be6 12. Nd5 b5 13. Be2 Bxd5 14. exd5
Ne5 15. f4 Nd7 16. g4 Nb6 17. Qe4 Re8 18. Bd3 g6 19. h4 Bf6 20. Qf3 Na4 21. b3
Bb2+ 22. Kb1 Qf6 23. bxa4 bxa4 24. c3 Bxc3 25. Kc2 Bxd2 26. Rxd2 Rab8 27. Rc1
Qd4 28. Kd1 Rb2 29. Rxb2 Qxb2 1-0